00409nam a2200109Ia 4500008004100000020002200041041001200063100004100075245005200116260003200168650009900200231221s9999 xx 000 0 und d a978-1-4419-1752-2 aEnglish aOrang Vahid-Araghi, Farid Golnaraghi 0aFriction-Induced Vibration in Lead Screw Drives c2011bSpringer USaNew York aVibration, Dynamical Systems, Control; Systems Theory, Control; Manufacturing, Machines, Tools